| LEADER |
00652nam0a2200193 450 |
| 001 |
16847334 |
| 010 |
|
|
|a 978-2-211-34956-7
|b rel.
|d 8,5
|
| 100 |
|
|
|a 20251017d2026 u u0frey01 ba
|
| 101 |
0 |
|
|a fre
|
| 102 |
|
|
|a FR
|
| 200 |
0 |
|
|a Clovis veut faire de grandes choses
|f Delphine Perret
|
| 207 |
|
1 |
|a
|
| 210 |
|
|
|a Paris
|b 11 rue de Sèvres.
|c L'Ecole des Loisirs
|d DL 2025
|
| 215 |
|
|
|a 1 vol. (63 p.)
|c ill. en coul.
|d 19 cm
|
| 225 |
1 |
|
|a Mouche
|x 0986-0819
|
| 700 |
|
0 |
|a Perret
|b Delphine
|f 1980-....
|4 70
|
| 900 |
|
|
|a Roman enfant
|
| 901 |
|
|
|a Accessible au prêt
|
| 995 |
|
|
|a Bibliothèque
|c Bibliothèque
|f 024025896
|h 024025896
|k E C2 PER
|o p
|q j
|r az
|e Bibliothèque
|